| 000 | 00709nam a2200229Ia 4500 | ||
|---|---|---|---|
| 001 | 6517 | ||
| 003 | GE_BSU | ||
| 008 | 181216s||||||||xx |||||||||||||| ||und|| | ||
| 040 | _cGE_BSU | ||
| 080 | _a821.353.1 | ||
| 100 | _aგაბესკირია,ვიქტორ. | ||
| 245 | _aშრიალებენ ვერხვები. | ||
| 245 | _bპიესები. | ||
| 245 | _cრედ:ბესარიონ,ჟღენტი. | ||
| 260 | _aთბილისი. | ||
| 260 | _bხელოვნება. | ||
| 260 | _c1962. | ||
| 300 | _a78გვ;21სმ. | ||
| 653 | _aპიესები. | ||
| 653 | _aშრიალებენ ვერხვები. | ||
| 942 | _cBK | ||
| 999 |
_c39912 _d39912 |
||